|
|
|
|
| LEADER |
00772nab a2200205 i 4500 |
| 001 |
misc68475 |
| 005 |
20230131124054.0 |
| 008 |
220718s1970 hu o 0|| hun d |
| 040 |
|
|
|a SZTE Miscellanea Repozitórium
|b hun
|
| 041 |
|
|
|a hun
|
| 100 |
1 |
|
|a Melich János
|
| 245 |
1 |
0 |
|a Nyelvünk szláv jövevényei
|h [elektronikus dokumentum] /
|c Melich János
|
| 260 |
|
|
|a Magyar Nyelvtudományi Társaság
|b Budapest
|c 1970
|
| 300 |
|
|
|a 31 p.
|c 23 cm
|
| 561 |
|
|
|a Németh Gyula hagyaték
|
| 591 |
|
|
|a J/75 1544;B 62081;MNY 3904/11/55161/11;X 184209, NOM 3529 M52
|
| 650 |
|
4 |
|a Bölcsészettudományok
|
| 650 |
|
4 |
|a Nyelvek és irodalom
|
| 695 |
|
|
|a Magyar nyelv - szláv jövevényszavak
|
| 856 |
4 |
0 |
|u http://misc.bibl.u-szeged.hu/68475/1/3529_nom_m52.pdf
|z Dokumentum-elérés
|